OECD companion to the inventory of support measures for fossil fuels 2015
Gespeichert in:
| Format: | Buch |
|---|---|
| Sprache: | Englisch |
| Veröffentlicht: |
Paris
OECD
2015
|
| Schlagworte: | |
| Tags: |
Keine Tags, Fügen Sie das erste Tag hinzu!
|
MARC
| LEADER | 00000nam a2200000 4500 | ||
|---|---|---|---|
| 001 | 0214139 | ||
| 005 | 20240314123229.4 | ||
| 020 | |a 978-92-64-23960-9 | ||
| 041 | 0 | |a eng | |
| 044 | |a FR | ||
| 245 | 1 | 0 | |a OECD companion to the inventory of support measures for fossil fuels 2015 |
| 264 | 1 | |a Paris |b OECD |c 2015 | |
| 300 | |a 61 s. | ||
| 610 | 2 | 0 | |a palivá fosílne |
| 610 | 2 | 0 | |a produkcia |
| 610 | 2 | 0 | |a spotreba |
| 610 | 2 | 0 | |a reformy |
| 610 | 2 | 0 | |a meranie |
| 610 | 2 | 0 | |a báza dát |
| 610 | 2 | 0 | |a transparentnosť |
| 610 | 2 | 0 | |a výdavky daňové |
| 610 | 2 | 0 | |a emisie |
| 610 | 2 | 0 | |a znečistenie ovzdušia |
| 610 | 2 | 0 | |a efekt skleníkový |
| 610 | 2 | 0 | |a dohody medzinárodné |
| 610 | 2 | 0 | |a porovnanie medzinárodné |
| 610 | 2 | 0 | |a ochrana prostredia životného |